Laziness does not exist : (Record no. 30983)

MARC details
000 -LEADER
fixed length control field 01159cam a2200313 i 4500
001 - CONTROL NUMBER
control field 15722563
003 - CONTROL NUMBER IDENTIFIER
control field EG-ScBUE
005 - DATE AND TIME OF LATEST TRANSACTION
control field 20250514084511.0
008 - FIXED-LENGTH DATA ELEMENTS--GENERAL INFORMATION
fixed length control field 210217s2022 nyua f b 001 0 eng d
020 ## - INTERNATIONAL STANDARD BOOK NUMBER
International Standard Book Number 9781982140113
040 ## - CATALOGING SOURCE
Original cataloging agency NhCcYBP
Language of cataloging eng
Description conventions rda
Transcribing agency NhCcYBP
Modifying agency EG-ScBUE
082 04 - DEWEY DECIMAL CLASSIFICATION NUMBER
Edition number 22
Classification number 158
Item number PRI
100 1# - MAIN ENTRY--PERSONAL NAME
Personal name Price, Devon,
Relator term author.
245 10 - TITLE STATEMENT
Title Laziness does not exist :
Remainder of title a defense of the exhausted, exploited, and overworked /
Statement of responsibility, etc Dr. Devon Price.
250 ## - EDITION STATEMENT
Edition statement First Atria Books hardcover edition.
264 #1 - PUBLICATION, DISTRIBUTION, ETC. (IMPRINT)
Place of publication, distribution, etc New York, NY :
Name of publisher, distributor, etc Atria Books, an imprint of Simon & Schuster, Inc.,
Date of publication, distribution, etc 2022.
300 ## - PHYSICAL DESCRIPTION
Extent 246 pages ;
Dimensions 20 cm
336 ## - CONTENT TYPE
Content type term text
Content type code txt
Source rdacontent
337 ## - MEDIA TYPE
Media type term computer
Media type code c
Source rdamedia
338 ## - CARRIER TYPE
Carrier type term online resource
Carrier type code cr
Source rdacarrier
504 ## - BIBLIOGRAPHY, ETC. NOTE
Bibliography, etc Includes bibliographical references and index.
650 #7 - SUBJECT ADDED ENTRY--TOPICAL TERM
Topical term or geographic name as entry element Laziness.
Source of heading or term BUEsh
650 #7 - SUBJECT ADDED ENTRY--TOPICAL TERM
Topical term or geographic name as entry element Work-life balance.
Source of heading or term BUEsh
650 #7 - SUBJECT ADDED ENTRY--TOPICAL TERM
Topical term or geographic name as entry element Stress management.
Source of heading or term BUEsh
653 ## - INDEX TERM--UNCONTROLLED
Arrived date list May2025
Resource For college Humanities: Psychology
655 ## - INDEX TERM--GENRE/FORM
Form subdivision Reading book
856 40 - ELECTRONIC LOCATION AND ACCESS
Link text Online book
Uniform Resource Identifier <a href="https://yale.idm.oclc.org/login?URL=https://ebookcentral.proquest.com/lib/yale-ebooks/detail.action?docID=6421468">https://yale.idm.oclc.org/login?URL=https://ebookcentral.proquest.com/lib/yale-ebooks/detail.action?docID=6421468</a>
942 ## - ADDED ENTRY ELEMENTS (KOHA)
Source of classification or shelving scheme Dewey Decimal Classification
Koha item type Book - Borrowing
Holdings
Withdrawn status Lost status Source of classification or shelving scheme Damaged status Not for loan Collection code Home library Current library Shelving location Date acquired Source of acquisition Cost, normal purchase price Serial Enumeration / chronology Total Checkouts Total Renewals Full call number Barcode Checked out Date last seen Date checked out Cost, replacement price Price effective from Koha item type
    Dewey Decimal Classification     Baccah Central Library Central Library Lower Floor 14/05/2025 Purchase 1112.00 39241 1 33 158 PRI 000057361 16/05/2026 18/06/2025 18/06/2025 1390.00 14/05/2025 Book - Borrowing